00357nam a2200145Ia 4500008004100000020001800041041000800059082001200067100001500079245003800094260003300132300000900165500001700174650002000191220803s9999 xx 000 0 und d a3-8228*9442-7 aeng a729 MEY aMeyhofer D aContemporary Japanese Architects. aKolnbBenedikt Taschenc1994 a176p aArchitecture aInterior Design